LEADER 02485nam0 22004333i 450 001 CAG0447742 005 20170908093253.0 010 $a8496142159 100 $a20090525d2003 ||||0itac50 ba 101 | $aita 102 $ait 181 1$6z01$ai $bxxxe 182 1$6z01$an 200 1 $a˜Il œsoccombente$fThomas Bernhard$gtraduzione di Renata Colorni 210 $aRoma$cLa biblioteca di Repubblica$dc2003 215 $a159 p.$d22 cm 225 | $a˜La œbiblioteca di Repubblica$i. Novecento$v67 300 $aSuppl. a: La Repubblica. 410 0$1001MIL0542400$12001 $a˜La œbiblioteca di Repubblica$i. Novecento$v67 500 10$a˜Der œUntergeher. -$3CFI0098751$9CFIV012248$949144 606 $anarrativa tedesca$2FIR$3NAPC230416$9I 620 $aIT$dMilano$3MUSL002184 676 $a833$9NARRATIVA TEDESCA$v14 676 $a833.914$9NARRATIVA TEDESCA, 1945-$v21 700 1$aBernhard$b, Thomas$3CFIV012248$4070$0132758 702 1$aColorni$b, Renata$3CFIV082598 801 3$aIT$bIT-NA0079$c20090525 850 $aIT-NA0611$aIT-NA0537$aIT-NA0299$aIT-AV0126$aIT-AV0195$aIT-NA0580$aIT-NA0312 912 $aCAG0447742 950 0$aBIBLIOTECA MARIA D’APONTE$c1 v.$d 43BIBLIOTECA833 BERNT so$e 43 0000010235 B A4 1 v.$fD $h20170227$i20170227 950 0$aBiblioteca Comunale di Villaricca$d 68LETTER. Biblioteca di RepubblicaL 1. n.67$e 68 0000028855 B 1 v.$fD $h20040201$i20040201 950 0$aBiblioteca comunale di Afragola$d AGII S.10.14$e AG 0000120535 $fB $h20151112$i20151112 950 0$aBiblioteca civica "Can. Marciano De Leo"$c1 v.$d FRB 002. 127$e FR 0000008755 B 1 v.$fT $h20120724$i20120724 950 0$aBiblioteca Mario Pensa del Liceo statale Paolo Emilio Imbriani$c1 v.$d LIAR10 002. 093$e LI 0000007655 B 1 v.$fT $h20170328$i20170328 950 0$aBiblioteca del Pontificio Santuario Beata Vergine del Rosario$c1 v.$d PSSALA A C.17.2. 24$e PS 0000019455 B 1 v.$fZ $h20151207$i20151207 950 0$aIstituto Salesiano Sacro Cuore$b1 v.$c1 v.$d SC36 05 009$e SC01 0000140745 B 1 v.$fT $h20090525$i20090525 977 $a 43$a 68$a AG$a FR$a LI$a PS$a SC 996 $aUntergeher$949144 997 $aUNISANNIO